[Event "Euskadi tch 1D"]
[Site ""]
[Date "2012.01.21"]
[Round "2.3"]
[White "Tetimov, Ivan"]
[Black "Galarza Cenzano, Inigo"]
[Result "1/2-1/2"]
[WhiteElo "2032"]
[BlackElo "2002"]

1.d4 c5 2.Nf3 cxd4 3.Nxd4 Nc6 4.c4 Nf6 5.Nc3 g6 6.g3 Bg7 7.Bg2 O-O 8.O-O 
Qb6 9.Nc2 d6 10.b3 Ng4 11.Nd5 Qd8 12.Rb1 Be6 13.Bb2 Bxb2 14.Rxb2 Bxd5 15.
Bxd5 Qb6 16.e3 Nf6 17.Bg2 Ne5 18.Qd4 Qc7 19.Rd1 Nc6 20.Qd2 Rac8 21.Nd4 
Nxd4 22.Qxd4 b6 23.f4 Qc5 24.Qxc5 Rxc5 25.Rbd2 Rfc8 26.Bb7 R8c7 27.Bd5 
Nxd5 28.Rxd5 Rxd5 29.Rxd5 f5 30.Kf2 Rc5 31.e4 Kf7 32.Ke3 Ke6 33.Kd4 Rxd5+ 
34.exd5+ Kd7 35.b4 a6 36.a4 Kc7 37.h3 h5 38.c5 b5 39.axb5 axb5 40.cxd6+ 
exd6 41.Ke3 Kd7 42.Kf3 Ke7 43.h4 Kf6 44.Ke3 1/2-1/2

[Event "Euskadi tch 1D"]
[Site ""]
[Date "2012.01.21"]
[Round "2.4"]
[White "Gonzalez Blanco, Aitor"]
[Black "Montoya Irigoyen, Inigo"]
[Result "1/2-1/2"]
[WhiteElo "2012"]
[BlackElo "2013"]

1.e4 c6 2.d4 d5 3.Nd2 dxe4 4.Nxe4 Bf5 5.Ng3 Bg6 6.Nf3 Nd7 7.Bc4 e6 8.Qe2 
Be7 9.Bf4 Qa5+ 10.c3 Ngf6 11.Ne5 Nxe5 12.Bxe5 O-O 13.O-O c5 14.dxc5 Qxc5 
15.Bd4 Qc7 16.Rfe1 Bd6 17.Bxf6 gxf6 18.Rad1 Rfd8 19.Nf1 Bf8 20.h4 h6 21.
Ne3 Rxd1 22.Rxd1 Rd8 23.Bb3 Rxd1+ 24.Qxd1 h5 25.Qd4 Qe5 26.Qxe5 fxe5 27.
Nc4 e4 28.Ne5 Bf5 29.Nc4 Be7 30.g3 Bc5 31.Bd1 Bg6 32.Kf1 Kg7 33.Ne3 f5 34.
Ke1 e5 35.Nd5 Bf7 36.c4 Kg6 37.b3 f4 38.gxf4 Bxd5 39.cxd5 exf4 40.Bc2 Kf5 
41.f3 1/2-1/2

[Event "Euskadi tch 1D"]
[Site ""]
[Date "2012.01.21"]
[Round "2.2"]
[White "Trigo Urquijo, Sergio"]
[Black "Rodriguez Melendez, Juan Humber"]
[Result "1-0"]
[WhiteElo "2225"]
[BlackElo "2096"]

1.d4 Nf6 2.c4 g6 3.Nc3 Bg7 4.e4 d6 5.Nf3 O-O 6.Be2 e5 7.O-O Nc6 8.d5 Ne7 
9.Ne1 Nd7 10.Be3 f5 11.f3 f4 12.Bf2 g5 13.g4 h5 14.h3 Rf6 15.Rc1 Rh6 16.
Nd3 Kf7 17.Kg2 Ng6 18.Rh1 Bf8 19.b4 Nf6 20.c5 Nh4+ 21.Kf1 hxg4 22.hxg4 Rh7
23.cxd6 cxd6 24.Nb5 Kg8 25.a4 Bxg4 26.fxg4 Nxe4 27.Rh3 Nf6 28.Nc3 e4 29.
Nxf4 gxf4 30.Bxh4 Qd7 31.Bb5 Qf7 32.g5 Nh5 33.Qg4 Ng3+ 34.Kg2 Rg7 35.Bxg3 
fxg3 36.Rxg3 Be7 37.Nxe4 Rf8 38.Qe6 Rg6 39.Qxf7+ Rxf7 40.Be8 1-0

[Event "Euskadi tch 1D"]
[Site ""]
[Date "2012.01.21"]
[Round "2.2"]
[White "Arce Balluerca, Jorge"]
[Black "Nava Pereda, Carlos"]
[Result "1/2-1/2"]
[WhiteElo "2018"]
[BlackElo "2259"]

1.Nf3 d5 2.g3 Nc6 3.d4 Bf5 4.Bg2 e6 5.O-O Nb4 6.Na3 Be7 7.c3 Na6 8.Qb3 Qc8
9.Ne5 Nf6 10.c4 c6 11.Bf4 O-O 12.Rac1 Rd8 13.Rfd1 h6 14.Nb1 Be4 15.f3 Bxb1
16.Rxb1 Nd7 17.e4 g5 18.Nxd7 gxf4 19.Ne5 Bg5 20.h4 Bf6 21.gxf4 Bxh4 22.Kh2
Qc7 23.Bh3 Kh8 24.Qe3 Rg8 25.Rg1 1/2-1/2

[Event "Euskadi tch 1D"]
[Site ""]
[Date "2012.01.21"]
[Round "2.2"]
[White "Mosquera Ulloa, Fernando"]
[Black "Marchena Hurtado, Javier"]
[Result "0-1"]
[WhiteElo "1953"]
[BlackElo "2063"]

1.e4 c5 2.Nc3 Nc6 3.f4 g6 4.Nf3 Bg7 5.Bb5 Nd4 6.O-O a6 7.Bc4 e6 8.a4 Ne7 
9.Nxd4 cxd4 10.Ne2 d5 11.exd5 exd5 12.Bd3 O-O 13.c3 Bf5 14.Bxf5 Nxf5 15.
Rf3 Re8 16.Ng3 Nxg3 17.hxg3 Re6 18.Rf1 Qb6 19.Kh2 Rae8 20.Qf3 Re1 21.Rxe1 
Rxe1 22.Qf2 Qe6 23.b3 dxc3 24.dxc3 Bxc3 25.Rb1 Qf5 26.Qf3 Qxb1 0-1

[Event "Euskadi tch 1D"]
[Site ""]
[Date "2012.01.21"]
[Round "2.3"]
[White "Diez Fraile, David"]
[Black "Mindeguia Guruceaga, Juan Jesus"]
[Result "1/2-1/2"]
[WhiteElo "2185"]
[BlackElo "2234"]

1.d4 f5 2.Nf3 Nf6 3.g3 g6 4.Bg2 Bg7 5.O-O O-O 6.c4 d6 7.Nc3 Nc6 8.d5 Ne5 
9.Nxe5 dxe5 10.Qb3 e6 11.Rd1 Qe7 12.Bd2 Re8 13.Rac1 h6 14.Be1 a6 15.c5 
Qxc5 16.d6 cxd6 17.Nd5 exd5 18.Rxc5 dxc5 19.Bxd5+ Kh7 20.Bc3 Rb8 21.Qb6 
Bd7 22.f4 Nxd5 23.Rxd5 Bc6 24.Rd6 Rbc8 25.Bxe5 Bxe5 26.fxe5 Re7 27.Qxc5 
Rce8 28.e6 Rxe6 29.Rxe6 Rxe6 30.Kf2 Kg7 31.e3 Kf7 32.Qd4 Be4 33.Qh8 h5 34.
Qh7+ Kf6 35.Qh8+ Kf7 36.Qh7+ Kf6 1/2-1/2

[Event "Euskadi tch 1D"]
[Site ""]
[Date "2012.01.21"]
[Round "2.3"]
[White "Navarrete Delgado, Sergio"]
[Black "Arias Garcia, Luis Javier"]
[Result "1/2-1/2"]
[WhiteElo "2227"]
[BlackElo "2168"]

1.e4 c5 2.Nf3 Nc6 3.d4 cxd4 4.Nxd4 g6 5.Nxc6 bxc6 6.Qd4 Nf6 7.e5 Nd5 8.c4 
Qb6 9.Qd1 Nc7 10.Be3 Qa5+ 11.Nc3 Qxe5 12.Be2 Bg7 13.O-O O-O 14.Qd2 Ne6 15.
Rfe1 Qc7 16.Bf3 Rb8 17.Rac1 d6 18.b3 a5 19.h4 Nc5 20.Rcd1 Bf5 21.Bh6 Nd3 
22.Re2 Ne5 23.Be4 Bg4 24.f3 Be6 25.h5 a4 26.Bxg7 Kxg7 27.Nxa4 Qa7+ 28.Qe3 
Qxe3+ 29.Rxe3 gxh5 30.Ree1 c5 31.Nc3 Ng6 32.Nd5 Bxd5 33.Rxd5 Ra8 34.Bxg6 
hxg6 35.Rxe7 Ra6 36.Re2 Kf6 37.Kf2 Rfa8 38.Kg3 R8a7 39.Kf4 Re7 40.Rxe7 
Kxe7 41.Rd2 f6 42.g4 hxg4 43.fxg4 Ra8 1/2-1/2

[Event "Euskadi tch 1D"]
[Site ""]
[Date "2012.01.21"]
[Round "2.3"]
[White "Padilla Cabero, Pablo"]
[Black "Monje Peinado, Roberto"]
[Result "1-0"]
[WhiteElo "2167"]
[BlackElo "2065"]

1.e4 c5 2.c3 b6 3.d4 Bb7 4.Nd2 cxd4 5.cxd4 Nf6 6.Bd3 Nc6 7.Qa4 e6 8.a3 Be7
9.Ne2 O-O 10.b4 a6 11.Bb2 b5 12.Qc2 Rc8 13.Qb1 g6 14.h4 a5 15.e5 Ne8 16.h5
axb4 17.hxg6 hxg6 18.Nf4 Bg5 19.Nh3 Bxd2+ 20.Kxd2 Na5 21.Bxg6 Nb3+ 22.Ke2 
Qh4 23.Ke3 Nxa1 24.Nf4 Qe7 25.Rh8+ Kg7 26.Rh7+ Kg8 27.Qh1 fxg6 28.Rxe7 
Nc2+ 29.Kd2 Rf7 30.Nxg6 Kg7 31.Rxf7+ Kxf7 32.Qh7+ Ng7 33.axb4 Be4 34.Nh8+ 
Rxh8 35.Qxh8 Nxb4 36.Ba3 Nc6 37.Qf8+ Kg6 38.Qf6+ Kh7 39.Qh4+ 1-0

[Event "Euskadi tch 1D"]
[Site ""]
[Date "2012.01.21"]
[Round "2.3"]
[White "Hernandorena De La Cruz, Egoi"]
[Black "Albo Ruiz, Jose Martin"]
[Result "1-0"]
[WhiteElo "2033"]
[BlackElo "1890"]

1.e4 e5 2.Nc3 d6 3.Bc4 Nf6 4.d3 Be7 5.Nge2 O-O 6.O-O c6 7.f4 d5 8.fxe5 
Nxe4 9.Nxe4 dxc4 10.d4 Bg4 11.N4g3 Nd7 12.h3 Be6 13.Nf4 Qb6 14.Kh1 Bd5 15.
c3 Rfd8 16.Qg4 Bf8 17.e6 Nf6 18.Nxd5 Nxd5 19.Rxf7 Rd6 20.Nf5 Rxe6 21.Rxg7+
1-0

[Event "Euskadi tch 1D"]
[Site ""]
[Date "2012.01.28"]
[Round "3.1"]
[White "Saenz Martinez, Juan Jose"]
[Black "Aguirre Canflanca, Josu"]
[Result "1/2-1/2"]
[WhiteElo "2288"]
[BlackElo "2189"]

1.c4 Nf6 2.Nf3 c5 3.Nc3 Nc6 4.g3 b6 5.Bg2 Bb7 6.O-O g6 7.d4 Nxd4 8.Nxd4 
Bxg2 9.Kxg2 cxd4 10.Qxd4 Bg7 11.Bg5 h6 12.Bxf6 Bxf6 13.Qd3 Rc8 14.Rad1 Rc6
15.b3 Bg7 16.Nd5 O-O 17.Rd2 Re8 18.Rfd1 d6 19.h4 h5 20.Qf3 Qd7 21.Rd3 Rc5 
22.Re3 b5 23.cxb5 Rxb5 24.Rc1 Rc5 25.Rxc5 dxc5 26.Rd3 Qc8 27.Qe4 e6 28.Ne3
Rd8 29.Nc4 Rxd3 30.Qxd3 Qc6+ 31.f3 Bd4 32.e3 Bf6 33.Kf2 Kg7 34.Ke2 Qc7 35.
Nd6 Kf8 36.Ne4 Be7 37.Qc3 Kg8 38.Qc4 Qc6 39.a4 Qb7 40.Qb5 Qc8 41.a5 a6 42.
Qc4 Qb7 43.Nxc5 Bxc5 44.Qxc5 Qxb3 45.Qc8+ Kg7 46.Qxa6 Qa2+ 47.Kf1 Qa1+ 48.
Kg2 Qa2+ 49.Kh3 Qa1 1/2-1/2

[Event "Euskadi tch 1D"]
[Site ""]
[Date "2012.01.28"]
[Round "3.2"]
[White "Ortega Fuentes, Luis Angel"]
[Black "Ros Eskisabel, Jose Ramon"]
[Result "1/2-1/2"]
[WhiteElo "2119"]
[BlackElo "2100"]

1.Nf3 d6 2.d4 Bg4 3.Nbd2 Nd7 4.e4 Ngf6 5.Bc4 e6 6.c3 c6 7.h3 Bh5 8.O-O Be7
9.Bb3 O-O 10.Re1 Qc7 11.Nf1 d5 12.Ng3 Bg6 13.Bc2 dxe4 14.Nxe4 Nxe4 15.Bxe4
Bxe4 16.Rxe4 Nf6 17.Bf4 Qb6 18.Re2 Rad8 19.Qc2 c5 20.Be5 a6 21.Ng5 g6 22.
dxc5 Qxc5 23.Bxf6 Bxf6 24.Ne4 Qe7 25.Nxf6+ Qxf6 26.Rd1 Rxd1+ 1/2-1/2

[Event "Euskadi tch 1D"]
[Site ""]
[Date "2012.01.28"]
[Round "3.3"]
[White "Alvarez Ponga, Hugo"]
[Black "Mendikute Fierro, Claudio"]
[Result "1/2-1/2"]
[WhiteElo "2099"]
[BlackElo "2031"]

1.d4 d5 2.Bg5 h6 3.Bh4 c6 4.e3 Qb6 5.Qc1 Bf5 6.Nd2 e6 7.c4 Be7 8.Bg3 Nf6 
9.c5 Qd8 10.f3 O-O 11.Ne2 Nbd7 12.Qc3 Bh7 13.Nf4 b6 14.b4 a5 15.a3 axb4 
16.axb4 Rxa1+ 17.Qxa1 bxc5 18.bxc5 Qa8 19.Qc3 Qa2 20.Bd3 Bxd3 21.Nxd3 Ra8 
22.Ke2 Nh5 23.Rb1 Nxg3+ 24.hxg3 Qa6 25.Kf2 Kf8 26.Nb4 Qc8 27.Ra1 Rxa1 28.
Qxa1 Qb7 29.Qa4 Nb8 30.e4 Bd8 31.Nd3 Bc7 32.Qb3 Qxb3 33.Nxb3 Ke7 34.Nb4 
Kd7 35.e5 Ke7 36.f4 g6 37.g4 g5 38.Kf3 Kd7 39.f5 Ke7 40.Ke3 f6 41.exf6+ 
Kxf6 42.fxe6 Kxe6 43.Kf3 1/2-1/2

[Event "Euskadi tch 1D"]
[Site ""]
[Date "2012.01.28"]
[Round "3.4"]
[White "Martiarena Lizarribar, Eneko"]
[Black "Gonzalez Blanco, Aitor"]
[Result "0-1"]
[WhiteElo "1996"]
[BlackElo "2012"]

1.d4 Nf6 2.c4 c5 3.d5 e6 4.Nc3 exd5 5.cxd5 d6 6.Bf4 a6 7.a4 g6 8.Nf3 Bg7 
9.e3 O-O 10.Be2 Nh5 11.Bg5 Qb6 12.Qc2 Bf5 13.e4 Bg4 14.Nd2 Bxe2 15.Nxe2 f5
16.O-O Qc7 17.Be3 f4 18.Bd4 Nd7 19.Nf3 Qd8 20.Bxg7 Nxg7 21.Qd2 Qf6 22.Nc3 
b6 23.Rab1 g5 24.h3 h5 25.Nh2 Ne5 26.f3 Ra7 27.Rfe1 Ne8 28.b4 c4 29.Qd4 
Rb7 30.Red1 Qg6 31.b5 a5 32.Nf1 Nf6 33.Nd2 g4 34.fxg4 hxg4 35.h4 Qh6 36.
Nxc4 Nxc4 37.Qxc4 Qxh4 38.Qe2 Rh7 39.Qe1 g3 40.Kf1 Qg4 41.Kg1 f3 0-1

[Event "Euskadi tch 1D"]
[Site ""]
[Date "2012.01.28"]
[Round "3.2"]
[White "Vila Dupla, Aurelio"]
[Black "Reinaldo Castiñeira, Roi"]
[Result "0-1"]
[WhiteElo "2191"]
[BlackElo "2470"]

1.Nf3 Nf6 2.g3 e6 3.Bg2 d5 4.O-O b5 5.d4 Nbd7 6.b3 Bb7 7.c4 bxc4 8.bxc4 
dxc4 9.Na3 Bd5 10.Qa4 c6 11.Qc2 Nb6 12.Rd1 Be4 13.Qd2 Nfd5 14.Qa5 Bb4 15.
Qa6 Nc7 16.Qb7 Bxa3 0-1

[Event "Euskadi tch 1D"]
[Site ""]
[Date "2012.01.28"]
[Round "3.2"]
[White "Hernando Rodrigo, Jose Maria"]
[Black "Gonzalez Oderiz, Jose Maria"]
[Result "1-0"]
[WhiteElo "2326"]
[BlackElo "1918"]

1.d4 Nf6 2.Nf3 g6 3.g3 Bg7 4.Bg2 O-O 5.O-O d6 6.c4 Nbd7 7.Nc3 c6 8.e4 e5 
9.h3 a6 10.b3 Qa5 11.Bd2 Qc7 12.Rc1 exd4 13.Nxd4 Nc5 14.Bf4 Nh5 15.Be3 Re8
16.b4 Nd7 17.g4 Nhf6 18.f4 h6 19.Qd3 c5 20.Nd5 Qd8 21.Nb3 Nxd5 22.cxd5 
cxb4 23.Rfe1 a5 24.Qb5 a4 25.Nd4 Nf6 26.Bf2 b3 27.axb3 a3 28.e5 dxe5 29.
fxe5 Ra5 30.Rxc8 Qxc8 31.Qxa5 Nd7 32.e6 Ne5 33.exf7+ Kxf7 34.d6 Kg8 35.Rd1
Nxg4 36.Qd5+ Kh7 37.d7 1-0

[Event "Euskadi tch 1D"]
[Site ""]
[Date "2012.01.28"]
[Round "3.2"]
[White "Sempere Gomis, Andres Valentin"]
[Black "Tetimov, Ivan"]
[Result "0-1"]
[WhiteElo "1840"]
[BlackElo "2032"]

1.c4 Nf6 2.Nc3 e6 3.Nf3 b6 4.g3 Bb7 5.Bg2 c5 6.O-O Be7 7.b3 O-O 8.Bb2 d6 
9.e3 a6 10.Ne2 Qc7 11.Rc1 Nc6 12.d4 cxd4 13.exd4 d5 14.cxd5 Nxd5 15.Ne5 
Qd6 16.Nc4 Qd8 17.Ne3 Ncb4 18.Nxd5 Bxd5 19.a3 Bxg2 20.Kxg2 Nd5 21.Qc2 Bg5 
22.Rcd1 Qd7 23.Qd3 Rfc8 24.Ng1 Qc6 25.Kh3 Qc2 26.Qxc2 Rxc2 27.Bc1 Be7 28.
Nf3 Rc3 29.Nd2 Rac8 30.b4 h6 31.Ne4 Rc2 32.Kg2 f5 33.Nd2 Bg5 34.h4 Bxd2 
35.Bxd2 Ra2 36.Bc1 Rcc2 37.Rd3 Kf7 38.Kg1 Nc3 39.Be3 Ne2+ 40.Kg2 f4 41.
gxf4 Nc3 42.Rc1 Nd5 43.Rxc2 Rxc2 44.Bd2 Kf6 45.Kf3 Kf5 46.Be3 b5 47.Bd2 g6
48.Be3 h5 49.Bd2 Ra2 50.Be3 Ra1 51.Rb3 Rh1 52.Kg3 Rg1+ 53.Kh3 Re1 54.Kg3 
Ke4 55.f3+ Kf5 56.Kf2 Ra1 57.Kg3 Ra2 58.Rd3 Re2 59.Bd2 Nb6 60.Be3 Nd5 61.
Bd2 Kf6 62.Kh3 Ke7 63.Kg3 Kd7 64.f5 gxf5 65.Bf4 Kc6 66.Rd2 Nxf4 0-1

[Event "Euskadi tch 1D"]
[Site ""]
[Date "2012.01.28"]
[Round "3.2"]
[White "Perez Marchal, Javier"]
[Black "Diaz Redondo, Isidro"]
[Result "1-0"]
[WhiteElo "1853"]
[BlackElo "1663"]

1.e4 c5 2.Nf3 Nc6 3.d4 cxd4 4.Nxd4 e6 5.Be3 Nf6 6.Nc3 a6 7.f3 Bb4 8.Qd2 
Qc7 9.a3 Bd6 10.Ncb5 axb5 11.Nxb5 Qa5 12.Nxd6+ Kf8 13.Qxa5 Rxa5 14.Nxc8 
Ke8 15.Nd6+ 1-0

[Event "Euskadi tch 1D"]
[Site ""]
[Date "2012.01.28"]
[Round "3.3"]
[White "Jimenez Martin, Gustavo"]
[Black "Miguel Quintero, Antonio"]
[Result "1/2-1/2"]
[WhiteElo "2153"]
[BlackElo "2165"]

1.d4 g6 2.e4 Bg7 3.Nc3 d6 4.Be3 Nc6 5.Qd2 e5 6.d5 Nce7 7.O-O-O f5 8.exf5 
Nxf5 9.Bg5 Nf6 10.Bb5+ Bd7 11.Bxd7+ Qxd7 12.Nge2 O-O 13.f3 b5 14.Ne4 Nxe4 
15.fxe4 Ne7 16.Rhf1 Rae8 17.h3 Nc8 18.Qd3 1/2-1/2

[Event "Euskadi tch 1D"]
[Site ""]
[Date "2012.01.28"]
[Round "3.3"]
[White "Alcaide Luque, Aitor"]
[Black "Monje Peinado, Roberto"]
[Result "1-0"]
[WhiteElo "2135"]
[BlackElo "2065"]

1.d4 f5 2.Nh3 g6 3.Nf4 Bg7 4.h4 Nc6 5.c3 e5 6.dxe5 Nxe5 7.Nd3 d5 8.Nd2 
Nxd3+ 9.exd3 Qe7+ 10.Qe2 Bd7 11.Nf3 O-O-O 12.Qxe7 Nxe7 13.Bf4 Nc6 14.d4 
Rde8+ 15.Kd2 Nd8 16.Bd3 Ne6 17.Be5 Bh6+ 18.Kc2 Rhf8 19.g3 a5 20.a4 Bc6 21.
b4 axb4 22.cxb4 b6 23.b5 Bd7 24.a5 bxa5 25.b6 Kb7 26.bxc7 Nxc7 27.Rhb1+ 
Kc8 28.Rxa5 Re6 29.Ra8+ 1-0

[Event "Euskadi tch 1D"]
[Site ""]
[Date "2012.01.28"]
[Round "3.3"]
[White "Hernando Casas, Jose Manuel"]
[Black "Sevilla Subiza, Javier"]
[Result "1/2-1/2"]
[WhiteElo "2017"]
[BlackElo "1925"]

1.e4 g6 2.d4 Bg7 3.Nc3 d6 4.f4 Nf6 5.Nf3 c5 6.Be3 O-O 7.Qd2 cxd4 8.Nxd4 
Nc6 9.O-O-O Ng4 10.Bg1 Nxd4 11.Bxd4 e5 12.Bc5 Bh6 13.g3 exf4 14.gxf4 Qh4 
15.Bd4 Ne5 16.Be3 Ng4 17.Bd4 Ne5 18.Be3 1/2-1/2

[Event "Euskadi tch 1D"]
[Site ""]
[Date "2012.01.28"]
[Round "3.4"]
[White "Rodriguez Melendez, Juan Humber"]
[Black "Diez Fraile, David"]
[Result "1/2-1/2"]
[WhiteElo "2096"]
[BlackElo "2185"]

1.e4 c5 2.Nf3 d6 3.c3 Nf6 4.Qc2 Qc7 5.a4 g6 6.Na3 a6 7.Nc4 Bg7 8.d4 cxd4 
9.Nxd4 O-O 10.Be2 Nc6 11.O-O d5 12.exd5 Nxd4 13.cxd4 Nxd5 14.Rd1 Be6 15.
Qe4 Rac8 16.Ne5 Qc2 17.Qxc2 Rxc2 18.Bd3 Rc7 19.Bd2 f6 20.Nf3 Kf7 21.h3 
Rfc8 22.Kf1 Bf5 23.Bxf5 gxf5 24.Rdc1 e6 25.Ke2 Bf8 26.Rxc7+ Rxc7 27.Rc1 
Rxc1 28.Bxc1 h5 29.Bd2 Bd6 30.Ne1 e5 31.dxe5 fxe5 32.f3 Ke6 33.b3 e4 34.
fxe4 fxe4 35.g4 hxg4 36.hxg4 Nf6 37.Ke3 Nxg4+ 1/2-1/2

[Event "Euskadi tch 1D"]
[Site ""]
[Date "2012.01.28"]
[Round "3.4"]
[White "Arias Garcia, Luis Javier"]
[Black "Arce Balluerca, Jorge"]
[Result "1-0"]
[WhiteElo "2168"]
[BlackElo "2018"]

1.e4 d6 2.d4 Nf6 3.Nc3 e5 4.Nf3 Nbd7 5.Bc4 Be7 6.a4 a5 7.O-O c6 8.h3 O-O 
9.Be3 Qc7 10.Ba2 h6 11.Qd2 Kh7 12.Nh2 exd4 13.Qxd4 Nc5 14.f4 Be6 15.Bxe6 
fxe6 16.Nf3 Nh5 17.Ne2 Rad8 18.Rad1 e5 19.fxe5 dxe5 20.Qc4 b6 21.b3 Nf4 
22.Bxf4 exf4 23.e5 g5 24.c3 Rxd1 25.Rxd1 Kg7 26.Ned4 b5 27.axb5 cxb5 28.
Qxb5 Rb8 29.Qc4 Qa7 30.Nc6 Qc7 31.Nxb8 Qxb8 32.b4 axb4 33.cxb4 Na4 34.Rd7 
Kf8 35.Qe4 Qb6+ 36.Kh2 Nc3 37.Qf5+ Ke8 38.e6 1-0

[Event "Euskadi tch 1D"]
[Site ""]
[Date "2012.01.28"]
[Round "3.5"]
[White "Martín Allende, Jorge"]
[Black "Agüera Naredo, Javier"]
[Result "0-1"]
[WhiteElo "2117"]
[BlackElo "2360"]

1. e4 c5 2. Nf3 d6 3. d4 cxd4 4. Nxd4 Nf6 5. Nc3 Nc6 6. Be3 e5 7. Nb3 Be7 8.
Qd2 O-O 9. O-O-O a5 10. a4 Nb4 11. f3 Be6 12. Qf2 Qc8 13. Kb1 d5 14. Bc5 Bxc5
15. Qxc5 d4 16. Qxc8 Rfxc8 17. Nxd4 exd4 18. Rxd4 Rd8 19. Rxd8+ Rxd8 20. Kc1
Nd7 21. Be2 Nc5 22. Rd1 Rxd1+ 23. Bxd1 Kf8 24. Kd2 Ke7 25. Ke3 f6 26. b3 Bf7
27. Nb5 g6 28. Nd4 Ne6 29. Nb5 Kd7 30. Kd2 Nc6 31. Kd3 Nf4+ 0-1

[Event "Euskadi tch 1D"]
[Site ""]
[Date "2012.01.28"]
[Round "3.5"]
[White "Trigo Urquijo, Sergio"]
[Black "Fernández Ferrero, Alejandro"]
[Result "1-0"]
[WhiteElo "2230"]
[BlackElo "1986"]

1. d4 e6 2. e4 a6 3. Nf3 b6 4. Bd3 Bb7 5. O-O c5 6. d5 $16 Qc7 7. Qe2 e5 8. c4
Ne7 9. Nh4 d6 10. f4 Nd7 11. f5 Ng8 12. Nc3 Ngf6 13. a3 Be7 14. Qf2 h6 15. h3
Nh7 16. Nf3 Ng5 17. Be3 Nxf3+ 18. Qxf3 Bg5 19. Bf2 Qd8 20. Rab1 Bd2 21. Nd1 a5
22. Qe2 Bf4 23. g3 Bg5 24. Nc3 Ba6 25. Bc2 O-O 26. Ba4 Qc7 27. Kg2 Rac8 28. h4
Be7 29. Be3 Kh7 30. b3 g6 31. Qd2 h5 32. Bxd7 Qxd7 33. Qe2 Qe8 34. f6 Bd8 35.
Rf5 Rh8 36. Rxh5+ Kg8 37. Rxh8+ Kxh8 38. Bg5 Qd7 39. h5 Kh7 40. Rh1 1-0

[Event "Euskadi tch 1D"]
[Site ""]
[Date "2012.01.28"]
[Round "3.5"]
[White "Pérez Palma, Jesús María"]
[Black "Nava Pereda, Carlos"]
[Result "0-1"]
[WhiteElo "2010"]
[BlackElo "2275"]

1. c4 Nf6 2. Nc3 e6 3. d4 d5 4. Nf3 Bb4 5. Bg5 c5 6. dxc5 h6 7. Bxf6 Qxf6 8.
Qd4 Qxd4 9. Nxd4 dxc4 10. Ndb5 Na6 11. e3 O-O 12. Bxc4 Bd7 13. O-O Bxc5 14.
Rfd1 Rfd8 15. Ne4 Be7 16. Nd4 Rac8 17. Rac1 Nc5 18. Nxc5 Bxc5 19. Bb3 Kf8 20.
h3 Ke7 21. Nf3 Bb6 22. Ne5 Rxc1 23. Rxc1 Be8 24. Nc4 Bc7 25. g3 b5 26. Na3 Be5
27. Rc5 Bd6 28. Rc1 a5 29. Nb1 Be5 30. Rd1 Rxd1+ 31. Bxd1 Bxb2 32. Kf1 Bc6 33.
Bc2 a4 34. Nd2 Kd6 35. Ke2 Kc5 36. Kd3 f5 37. f3 Bc1 38. f4 Bd5 39. Bb1 Bxd2
40. Kxd2 Kb4 41. g4 g6 42. gxf5 gxf5 43. h4 Be4 44. Bxe4 fxe4 45. Kc2 Kc4 46.
Kd2 b4 47. Kc2 b3+ 0-1

[Event "Euskadi tch 1D"]
[Site ""]
[Date "2012.02.19"]
[Round "4.1"]
[White "Ros Eskisabel, Jose Ramon"]
[Black "Vila Dupla, Aurelio"]
[Result "0-1"]
[WhiteElo "2100"]
[BlackElo "2191"]

1.e4 c5 2.Nf3 d6 3.d4 cxd4 4.Nxd4 Nf6 5.Nc3 g6 6.Be3 Bg7 7.f3 O-O 8.Qd2 
Nc6 9.Bc4 Nxd4 10.Bxd4 Be6 11.Bb3 Qa5 12.O-O-O Bxb3 13.cxb3 Rfc8 14.Kb1 
Rc6 15.h4 h5 16.Nd5 Qxd2 17.Rxd2 Nxd5 18.exd5 Rc7 19.Bxg7 Kxg7 20.Re1 Re8 
21.Re4 Rec8 22.Re1 Kf6 23.a3 Rg8 24.Re4 g5 25.b4 gxh4 26.Rxh4 Rg5 27.Re4 
Rc8 28.g4 hxg4 29.fxg4 Re5 30.Rf4+ Kg6 31.Rfd4 b5 32.Ka2 Rc1 33.Kb3 Re3+ 
34.Ka2 Kg7 35.Rf4 Kg6 36.Rfd4 a6 37.Rf4 Ree1 38.g5 Rcd1 39.Rdf2 Rxd5 40.
Rxf7 Rxg5 41.Rf8 Ree5 42.Rg8+ Kh5 43.Rh2+ Kg4 44.Ra8 d5 45.Rxa6 d4 46.Rah6
Kf3 47.Rd2 Ke3 48.Rhh2 d3 49.Kb3 Re4 50.a4 Rgg4 51.axb5 Rxb4+ 52.Ka2 Rxb5 
53.b3 e5 54.Kb2 Rc5 55.Rd1 e4 56.Re1+ Kd4 57.Rh8 Rg2+ 58.Ka3 Re2 59.Rg1 
Kc3 60.b4 Rc7 61.Ra8 d2 62.Rb1 Re1 63.Rb3+ Kc4 0-1

[Event "Euskadi tch 1D"]
[Site ""]
[Date "2012.02.19"]
[Round "4.2"]
[White "Arrese-Igor Sanchez, Cesar"]
[Black "Alvarez Ponga, Hugo"]
[Result "0-1"]
[WhiteElo "2054"]
[BlackElo "2099"]

1.e4 e6 2.Nf3 d5 3.Nc3 Nf6 4.e5 Ng8 5.d4 c5 6.dxc5 Bxc5 7.Bd3 Nc6 8.O-O 
Nge7 9.Na4 Bb4 10.a3 Ba5 11.b4 Bc7 12.Re1 Ng6 13.Bg5 f6 14.exf6 gxf6 15.
Bh6 Nce5 16.Nxe5 Bxe5 17.Qh5 Kf7 18.Rad1 b6 19.c4 Bb7 20.cxd5 Bxd5 21.f4 
Bd4+ 22.Kh1 Bb3 23.f5 exf5 24.Bxf5 Bxd1 25.Be6+ Ke7 26.Bc4+ Ne5 27.Qf7+ 
Kd6 28.Qe6+ Kc7 29.Rxd1 Re8 30.Qd5 Qxd5 31.Bxd5 Rad8 32.Rxd4 Nc6 33.Bf4+ 
Kc8 34.Be6+ Rxe6 35.Rxd8+ Kxd8 36.h4 Re4 37.Bg3 Re3 0-1

[Event "Euskadi tch 1D"]
[Site ""]
[Date "2012.02.19"]
[Round "4.3"]
[White "Alvarado Fernandez, Mikel"]
[Black "Aguinaga Ruiz, Jesus Luis"]
[Result "1-0"]
[WhiteElo "2006"]
[BlackElo "1956"]

1.d4 d6 2.Bf4 c6 3.e3 Qc7 4.Nf3 Bg4 5.Be2 Nd7 6.h3 Bh5 7.O-O Ngf6 8.c4 h6 
9.Nc3 g5 10.Bg3 Bg6 11.Nd2 e5 12.b4 Be7 13.Re1 Qb6 14.Qb3 O-O 15.c5 dxc5 
16.dxc5 Qc7 17.Nc4 Ne4 18.Nxe4 Bxe4 19.Qc3 f6 20.Rad1 Rad8 21.Nd6 Bxd6 22.
Bc4+ Kg7 23.Rxd6 Rfe8 24.f4 Bg6 25.Red1 exf4 26.exf4 Rf8 27.fxg5 hxg5 28.
Be6 1-0

[Event "Euskadi tch 1D"]
[Site ""]
[Date "2012.02.19"]
[Round "4.4"]
[White "Lasa Garcia, Javier"]
[Black "Gonzalez Blanco, Aitor"]
[Result "0-1"]
[WhiteElo "1835"]
[BlackElo "2012"]

1.d4 d5 2.Nf3 c6 3.c3 Nf6 4.Bg5 Nbd7 5.e3 g6 6.Bd3 Bg7 7.Nbd2 O-O 8.h4 Re8
9.Ne5 Nxe5 10.dxe5 Ng4 11.h5 Nxe5 12.Bc2 Qd6 13.hxg6 fxg6 14.Qe2 b5 15.
O-O-O b4 16.c4 Nf7 17.Bh4 Qe5 18.Nb1 Qxb2+ 19.Kd2 Bf5 20.Rc1 Rad8 21.Rhd1 
Bc3+ 0-1

[Event "Euskadi tch 1D"]
[Site ""]
[Date "2012.02.04"]
[Round "4"]
[White "Diez Fraile, David"]
[Black "Fernandez Lopategi, Jon Andoni"]
[Result "1/2-1/2"]
[WhiteElo "2185"]
[BlackElo "2042"]

1.d4 d5 2.Nf3 Nf6 3.c4 c6 4.Nc3 a6 5.e3 Bf5 6.Be2 e6 7.O-O Bd6 8.b3 h6 9.
a4 Qe7 10.Bb2 O-O 11.Qc1 a5 12.Ba3 Na6 13.Bxd6 Qxd6 14.c5 Qe7 15.Ne5 Nd7 
16.Nxd7 Qxd7 17.Qd2 e5 18.Bxa6 exd4 19.Qxd4 Rxa6 20.e4 dxe4 21.Qxd7 Bxd7 
22.Nxe4 Be6 23.Rab1 Bd5 24.Nc3 1/2-1/2

[Event "Euskadi tch 1D"]
[Site ""]
[Date "2012.02.04"]
[Round "4"]
[White "Carasa Del Portillo, Mikel"]
[Black "Arias Garcia, Luis Javier"]
[Result "0-1"]
[WhiteElo "2032"]
[BlackElo "2168"]

1.c4 e5 2.g3 Nc6 3.Bg2 f5 4.Nc3 Nf6 5.d3 Bb4 6.Bd2 d6 7.a3 Bxc3 8.Bxc3 O-O
9.e3 Qe8 10.Ne2 Qh5 11.d4 e4 12.Nf4 Qf7 13.b3 Bd7 14.Rc1 Rae8 15.Qd2 g5 
16.Ne2 Nh5 17.d5 Ne5 18.Bxe5 Rxe5 19.Nc3 f4 20.gxf4 gxf4 21.Bxe4 Qe7 22.
Rg1+ Kh8 23.f3 fxe3 24.Qxe3 Qh4+ 25.Qf2 Qf4 26.Rc2 Qf6 27.Kd1 Nf4 28.Qg3 
Ree8 29.Qg5 Qd4+ 30.Kc1 Nh3 31.Qh4 Qxg1+ 32.Kb2 Qg7 33.Kb1 Qe7 34.Qh6 Ng5 
35.Bg6 Qf6 0-1

[Event "Euskadi tch 1D"]
[Site ""]
[Date "2012.02.04"]
[Round "4"]
[White "Perez Palma, Jesus Maria"]
[Black "Padilla Cabero, Pablo"]
[Result "0-1"]
[WhiteElo "1957"]
[BlackElo "2167"]

1.e4 e6 2.d4 d5 3.e5 c5 4.c3 Nc6 5.g3 Qb6 6.Ne2 cxd4 7.cxd4 Bb4+ 8.Nbc3 
Nge7 9.a3 Bxc3+ 10.bxc3 Bd7 11.Bg2 Na5 12.a4 Nc4 13.O-O h6 14.Qc2 Rc8 15.
Rd1 Qc7 16.Nf4 g6 17.Rd3 Qa5 18.Rf3 b5 19.Nd3 bxa4 20.Nc5 Rxc5 21.dxc5 
Qxc5 22.Qe2 Qc7 23.Rf4 a6 24.Rh4 Qxe5 25.Qxe5 Nxe5 26.Rxh6 Rxh6 27.Bxh6 
Bb5 28.Bg7 Nc4 29.g4 Kd7 30.Bf1 Nc6 31.h4 Nd6 32.h5 gxh5 33.gxh5 {
(Ilegible)} 0-1

[Event "Euskadi tch 1D"]
[Site ""]
[Date "2012.02.04"]
[Round "4"]
[White "Urbieta Gabancho, Koldo"]
[Black "Sierra Lopez, Ceferino"]
[Result "1/2-1/2"]
[WhiteElo "1949"]
[BlackElo "2011"]

1.Nf3 d5 2.c4 e6 3.b3 Nf6 4.Bb2 Be7 5.g3 O-O 6.Bg2 Nbd7 7.O-O Ne4 8.d3 
Nef6 9.Nbd2 c6 10.Qc2 b6 11.e4 dxe4 12.dxe4 Qc7 13.e5 Ne8 14.Rfe1 Bb7 15.
a3 Rd8 16.b4 c5 17.b5 g6 18.Bc3 Ng7 19.g4 f6 20.exf6 Nxf6 21.h3 Qd6 22.Re3
Nfe8 23.Rae1 Bf6 24.Bxf6 Nxf6 25.Qc3 Qf4 26.Qe5 Qxe5 27.Rxe5 Rd3 28.R1e3 
Rd6 29.Rc3 h6 30.Re2 g5 31.Ne5 Bxg2 32.Kxg2 Rfd8 33.Nef3 {(Ilegible)} 
1/2-1/2